| 000 | 00380nam a2200145Ia 4500 | ||
|---|---|---|---|
| 008 | 191201s2013 xx 000 0 und d | ||
| 082 |
_a620.001 _bRAE |
||
| 100 | _aRAVINDRAN,A & Others | ||
| 245 | 0 | _aEngineering Optimization: Theory and Practice | |
| 250 | _aRep | ||
| 260 |
_aN. Delhi _bWiley Dreautech India _c2013 |
||
| 300 | _a667 | ||
| 650 | _aM.Tech (ME) | ||
| 942 |
_2ddc _cBK |
||
| 999 |
_c5120 _d5120 |
||